Veľký sen dvoch malých národov Česko-slovenské légie v Rusku a vznik prvej republiky

Bibliographic Details
Main Author: McNamara, Kevin J. (Author)
Other Authors: Friedner, Peter (Translator), Kantorová-Báliková, Jana, 1951- (Translator), Šútovec, Andrej (Editor)
Format: Book
Language:Slovak
English
PhysicalDescription:406 strán 23 cm
Published: Bratislava Slovart 2020
ISBN:9788055642895
Edition:Prvé slovenské vydanie
Subjects:

MARC

LEADER 00000cam a2200000 4500
001 vtls012004655
003 SK-MaSNL
005 20260311131729.0
008 201124s2020 xo o grbn 010 1dslo
015 |a SNBA2021/06 
015 |a SNBSAB2020 
020 |a 9788055642895  |q (viazané) 
040 |a SNK  |b slo  |e rda  |c SNK 
041 1 |a slo  |h eng 
043 |a e-cs---  |a e-ru---  |a e------ 
044 |a xo  |c SK 
072 7 |a 94(437)  |x Dejiny Československa  |2 konspekt 
072 7 |a 01  |x Bibliografia. Katalógy  |2 konspekt 
080 |a 94(100)"1914/1918"  |2 2011 
080 |a 94(470+571)"1918/1921"  |2 2011 
080 |a 94(437)"1918"  |2 2011 
080 |a 355.318.2  |2 2011 
080 |a 355-051  |2 2011 
080 |a (437)  |2 2011 
080 |a (470+571)  |2 2011 
080 |a (4)  |2 2011 
080 |a (048.8)  |2 2011 
080 |a 016  |2 2011 
100 1 |a McNamara, Kevin J.  |4 aut  |9 508161 
240 1 0 |a Dreams of a Great Small Nation  |l Slovensky 
245 1 0 |a Veľký sen dvoch malých národov  |b Česko-slovenské légie v Rusku a vznik prvej republiky  |c Kevin J. McNamara ; z anglického originálu Dreams of a Great Small Nation ... preložil Peter Fridner ; preklad veršov Jana Báliková 
250 |a Prvé slovenské vydanie 
264 1 |a Bratislava  |b Slovart  |c 2020 
300 |a 406 strán  |c 23 cm 
336 |a text  |b txt  |2 rdacontent 
337 |a bez média  |b n  |2 rdamedia 
338 |a zväzok  |b nc  |2 rdacarrier 
500 |a Obsahuje biografické údaje o autorovi 
504 |a Obsahuje bibliografiu a poznámky na strane 337-379 ; bibliografickú štúdiu 
650 0 7 |a prvá svetová vojna (1914-1918)  |2 SNKPH  |9 162650 
650 0 7 |a ruská občianska vojna (1918-1921)  |2 SNKPH  |9 166888 
650 0 7 |a vznik Československa (1918)  |2 SNKPH  |9 134041 
650 0 7 |a zahraničné vojenské jednotky  |2 SNKPH  |9 67719 
650 0 7 |a legionári  |2 SNKPH  |9 67718 
650 0 7 |a World War (1914-1918)  |2 SNKPHeng  |9 293703 
650 0 7 |a Russian civil war (1918-1921)  |2 SNKPHeng  |9 339235 
650 0 7 |a Rise of Czechoslovakia (1918)  |2 SNKPHeng  |9 150458 
650 0 7 |a External forces  |2 SNKPHeng  |9 327462 
650 0 7 |a Legionaries  |2 SNKPHeng  |9 293708 
651 7 |a Československo  |2 SNKPHgeo  |9 21376 
651 7 |a Rusko  |2 SNKPHgeo  |9 17250 
651 7 |a Európa  |2 SNKPHgeo  |9 167569 
651 7 |a Czechoslovakia  |2 SNKPHeng  |9 265183 
651 7 |a Russia  |2 SNKPHeng  |9 278886 
651 7 |a Europe  |2 SNKPHeng  |9 56249 
655 7 |a monografie  |2 SNKPH  |9 70139 
655 7 |a odborné bibliografie  |2 SNKPH  |9 70558 
655 7 |a Monographs  |2 SNKPHeng  |9 120675 
655 7 |a Professional bibliography  |2 SNKPHeng  |9 267157 
700 1 |a Friedner, Peter  |4 trl  |9 484628 
700 1 |a Kantorová-Báliková, Jana,  |d 1951-  |4 trl  |9 160814 
700 1 |a Šútovec, Andrej  |4 edt  |9 60963 
919 |a 978-80-556-4289-5 
958 |a NB 
958 |a SF 
999 |c 784154  |d 786084 
952 |a SNK  |b SNK  |y PREZ  |7 0  |p 17A1453583  |o snkSC 192742  |i snk2021/5442  |8 0  |0 0  |1 0  |4 0  |d 2021-05-21  |f 1  |l 0  |r 2025-10-09 00:00:00  |w 2026-02-24 
952 |a SNK  |b SNK  |y VYP  |7 0  |p 17A1452722  |o snkSC 192742 D1  |i snk2021/5723  |8 3  |g 16.30  |0 0  |1 0  |4 0  |d 2021-05-26  |l 0  |r 2026-02-24 01:15:10  |w 2026-02-24